आधुनिक भारत का राजनीतिक चिंतन: (Record no. 1014585)

MARC details
000 -LEADER
fixed length control field 01000nam a2200229Ia 4500
003 - CONTROL NUMBER IDENTIFIER
control field OSt
005 - DATE AND TIME OF LATEST TRANSACTION
control field 20250502155435.0
008 - FIXED-LENGTH DATA ELEMENTS--GENERAL INFORMATION
fixed length control field 221004b |||||||| |||| 00| 0 hin d
020 ## - INTERNATIONAL STANDARD BOOK NUMBER
International Standard Book Number 9789380172729 (pbk)
037 ## - SOURCE OF ACQUISITION
Terms of availability Textual
040 ## - CATALOGING SOURCE
Original cataloging agency CRL
Transcribing agency CRL
Language of cataloging hin
041 ## - LANGUAGE CODE
Source of code hin
Language code of text/sound track or separate title hin
084 ## - COLON CLASSIFICATION NUMBER
Classification number Wv2.N5, 152Q5
Assigning agency CRL
100 ## - MAIN ENTRY--PERSONAL NAME
Personal name by त्यागी, रूचि, संपा.
9 (RLIN) 753813
245 #0 - TITLE STATEMENT
Title आधुनिक भारत का राजनीतिक चिंतन:
Remainder of title एक विमर्श
246 ## - VARYING FORM OF TITLE
Title proper/short title Ādhunik bhārat kā rājanītik chiantana: ek vimarsha
260 ## - PUBLICATION, DISTRIBUTION, ETC.
Place of publication, distribution, etc. दिल्ली, भारत:
Name of publisher, distributor, etc. हिंदी माध्यम कार्यान्वय निदेशालय,
Date of publication, distribution, etc. 2015.
300 ## - PHYSICAL DESCRIPTION
Extent 414पृ0
Dimensions cm.
650 ## - SUBJECT ADDED ENTRY--TOPICAL TERM
Topical term or geographic name entry element भारतीय राजनीति
9 (RLIN) 753814
942 ## - ADDED ENTRY ELEMENTS (KOHA)
Koha item type Textual
Source of classification or shelving scheme Colon Classification (CC)
Classification part Wv2.N5, 152Q5
Suppress in OPAC No
Holdings
Withdrawn status Lost status Damaged status Not for loan Home library Current library Date acquired Source of acquisition Total Checkouts Full call number Barcode Date due Date last seen Date last checked out Price effective from Koha item type
        Central Library Central Library 2022-10-05 1520, 21/02/2018, Bookwell 1 Wv2.N5 152Q5 CL1641987 2024-03-20 2026-01-07 2026-01-07 2022-10-05 Textual
Copyright @ Delhi University Library System